Potencial agropromyšlennoj kooperacii (ob agrokonsorciumach).
Agropriemyslové konzorciá ako nová forma finančnohospodárskej kooperácie v ZSSR. Združenie voľných zdrojov a jeho vzájomná výhodnosť. Skúsenosti s rozdeľovaním zisku a valút v rámci konzorcia. Prehlbovanie medziodvetvových väzieb priemyslu a poľnohospodárstva. Vplyv konzorcia na sociálny rozvoj dedi...
Guardado en:
| Autor principal: | |
|---|---|
| Formato: | Capítulo de libro |
| Lenguaje: | ruso |
| Materias: | |
| Etiquetas: |
Sin Etiquetas, Sea el primero en etiquetar este registro!
|
MARC
| LEADER | 00000naa a2200000 4500 | ||
|---|---|---|---|
| 001 | r001345 | ||
| 005 | 20220819192519.0 | ||
| 041 | 0 | |a rus | |
| 044 | |a [SU] | ||
| 245 | 1 | 0 | |a Potencial agropromyšlennoj kooperacii (ob agrokonsorciumach). |c N. Posun'ko |
| 520 | |a Agropriemyslové konzorciá ako nová forma finančnohospodárskej kooperácie v ZSSR. Združenie voľných zdrojov a jeho vzájomná výhodnosť. Skúsenosti s rozdeľovaním zisku a valút v rámci konzorcia. Prehlbovanie medziodvetvových väzieb priemyslu a poľnohospodárstva. Vplyv konzorcia na sociálny rozvoj dediny. | ||
| 610 | 2 | 0 | |a komplex poľnohospodársko-priemyselný |
| 610 | 2 | 0 | |a kooperácia medziodvetvová |
| 610 | 2 | 0 | |a rozdeľovanie zisku |
| 610 | 2 | 0 | |a vzťahy medziodvetvové |
| 610 | 2 | 0 | |a rozvoj sociálny |
| 610 | 2 | 0 | |a vidiek |
| 610 | 2 | 0 | |a ZSSR |
| 610 | 2 | 0 | |a rady správne |
| 100 | 1 | |a Posun'ko, N. | |